000
00501nam a2200181Ia 4500
008
090123s9999 xx 000 0 und d
082
_b
36828
100
_a
नागपुरकर हेमा
245
_a
जेनी
250
_a
0
260
_b
मनोरमा प्रकाशन
_c
2004
300
_a
188
600
_a
नागपुरकर हेमा
630
_a
जेनी
700
_a
नागपुरकर हेमा
730
_a
जेनी
942
_c
BOOK
999
_c
74895
_d
74895